Slovenské telekomunikácie sa snažia o zmenu štruktúry ľudských zdrojov bez veľkých sociálnych následkov

Slovenské telekomunikácie, š.p. Bratislava (ST) - proces zmien z podniku technického typu na spoločnosť poskytujúcu verejnosti telekomunikačné a informačné služby (prechod na zákaznícku orientáciu). Zavádzanie novej, digitálnej telekomunikačnej technológie. Potreba vypracovania novej stratégie zames...

Ausführliche Beschreibung

Gespeichert in:
Bibliographische Detailangaben
1. Verfasser: Šalgovičová, Jana
Format: Buchkapitel
Sprache:Slowakisch
Schlagworte:
Tags: Tag hinzufügen
Keine Tags, Fügen Sie das erste Tag hinzu!

MARC

LEADER 00000naa a2200000 4500
001 r025540
005 20230921080524.5
041 0 |a slo 
044 |a SK 
245 1 0 |a Slovenské telekomunikácie sa snažia o zmenu štruktúry ľudských zdrojov bez veľkých sociálnych následkov  |c Jana Šalgovičová 
520 |a Slovenské telekomunikácie, š.p. Bratislava (ST) - proces zmien z podniku technického typu na spoločnosť poskytujúcu verejnosti telekomunikačné a informačné služby (prechod na zákaznícku orientáciu). Zavádzanie novej, digitálnej telekomunikačnej technológie. Potreba vypracovania novej stratégie zamestnanosti. Prístup ST k zákazníkom. 
610 2 0 |a telekomunikácie 
610 2 0 |a zdroje ľudské 
610 2 0 |a zamestnanci 
610 2 0 |a zamestnanosť 
610 2 0 |a technológie nové 
610 2 0 |a služby digitálne 
610 2 0 |a zákazníci 
610 2 0 |a Slovensko 
610 2 0 |a Slovenské telekomunikácie, š.p. Bratislava 
100 1 |a Šalgovičová, Jana